| 000 | 00600nam a22001697a 4500 | ||
|---|---|---|---|
| 020 | _qHard Cover. | ||
| 082 | _a670.5 | ||
| 100 | _aSaeed, MuhammadHamad. | ||
| 245 |
_aInvestigation on the Micromilling of Titanium allyos Ti6A14V / _cMuhammad Hamad Saeed. |
||
| 260 |
_aIslamabad: _bSMME - NUST, _c2019. |
||
| 300 |
_a29 p. : ill. ; _c30cm. |
||
| 650 |
_aDesign and Manufacturing MS-Thesis. _925728 |
||
| 700 |
_aDr. Syed Husain Imran Jaffery. _925729 |
||
| 856 | _uhttp://10.250.8.41:8080/xmlui/handle/123456789/12443 | ||
| 942 |
_2ddc _cTHE |
||
| 999 |
_c532303 _d532303 |
||